[Event "Dvorkovich Memorial op"]
[Site "Taganrog"]
[Date "2016.01.25"]
[Round "8.37"]
[White "Bashev, Dmitry"]
[Black "Dygai, Oleg"]
[Result "0-1"]
[WhiteElo "1513"]
[BlackElo "1577"]
[PlyCount "96"]
[EventDate "2016.01.18"]
[EventType "swiss"]
[EventRounds "9"]
[EventCountry "RUS"]
[SourceTitle "EXT 2018"]
[Source "ChessBase"]
[SourceDate "2017.10.13"]
[SourceVersion "1"]
[SourceVersionDate "2017.10.13"]
[SourceQuality "1"]

1. e4 e5 2. Nf3 Nc6 3. Bb5 d6 4. Nc3 Nf6 5. d3 Be7 6. Bxc6+ bxc6 7. Be3 0-0 8. Ne2 Bg4 9. Ng3 Qd7 10. h3 Be6 11. Ng5 h6 12. Nxe6 Qxe6 13. Nf5 Rad8 14. Bxa7 d5 15. Nxe7+ Qxe7 16. exd5 cxd5 17. 0-0 d4 18. Re1 Qd6 19. Qd2 Nd7 20. Qa5 Ra8 21. a3 Qc6 22. b4 Qb7 23. Qa4 c6 24. Reb1 Rxa7 25. Qb3 Rfa8 26. a4 c5 27. b5 Nb6 28. Re1 Qc7 29. c4 Rxa4 30. Rxa4 Rxa4 31. Qb2 Nd7 32. Rb1 Rb4 33. Qc2 Rxb1+ 34. Qxb1 Nf6 35. g3 Qb7 36. Qd1 e4 37. dxe4 Nxe4 38. Qf3 Nd6 39. Qh5 Qa7 40. Qd5 Qc7 41. Kf1 Qd7 42. Qxc5 Qxh3+ 43. Ke2 Qg4+ 44. Kf1 Ne4 45. Qxd4 Nxg3+ 46. fxg3 Qxd4 47. Ke2 Qxc4+ 48. Kf3 Qxb5 0-1

[Event "Dvorkovich Memorial op"]
[Site "Taganrog"]
[Date "2016.01.24"]
[Round "7.35"]
[White "Arkhipenko, Denis"]
[Black "Bashev, Dmitry"]
[Result "1-0"]
[WhiteElo "1757"]
[BlackElo "1513"]
[PlyCount "145"]
[EventDate "2016.01.18"]
[EventType "swiss"]
[EventRounds "9"]
[EventCountry "RUS"]
[SourceTitle "EXT 2018"]
[Source "ChessBase"]
[SourceDate "2017.10.13"]
[SourceVersion "1"]
[SourceVersionDate "2017.10.13"]
[SourceQuality "1"]

1. d4 d5 2. Bf4 e6 3. e3 c5 4. c3 cxd4 5. exd4 Bd6 6. Bg3 b6 7. Nf3 Ba6 8. Bxa6 Nxa6 9. Qa4+ Qd7 10. Qxa6 Bxg3 11. hxg3 Ne7 12. Nbd2 0-0 13. Ne5 Qc7 14. Qd3 g6 15. 0-0 Nc6 16. Nxc6 Qxc6 17. Rfe1 a5 18. a4 Rab8 19. Qb5 Qd6 20. Nf3 f6 21. Re2 Rfe8 22. Rae1 g5 23. g4 Rbc8 24. Re3 Kf7 25. b4 axb4 26. Qxb4 Qc6 27. Rb1 Rb8 28. Re2 Rb7 29. Reb2 Reb8 30. Rb3 Kg6 31. Qb5 Qc7 32. R3b2 Kh6 33. Qd3 Ra8 34. Rb4 Qc6 35. Qc2 Rab8 36. Rb5 Qc7 37. R1b4 Qc6 38. Qb2 Ra7 39. Qb3 Qd7 40. a5 Qc7 41. g3 Ra6 42. Rxb6 Raxb6 43. axb6 Qb7 44. Qb2 Ra8 45. Qe2 Qc6 46. b7 Rb8 47. Qb2 Kg6 48. Rb6 Qd7 49. Qb5 Qc7 50. Qc6 Rxb7 51. Qxc7 Rxc7 52. Rxe6 Rxc3 53. Kg2 h6 54. Rd6 Kf7 55. Rxd5 Ke7 56. Rc5 Rb3 57. Rc7+ Kf8 58. Ne1 Rb1 59. Nf3 Kg8 60. d5 Rd1 61. Rd7 Kf8 62. d6 Ke8 63. Re7+ Kf8 64. Rh7 Rxd6 65. Rxh6 Kg7 66. Rh1 Rd3 67. Re1 Kg6 68. Re7 Rc3 69. Nd4 Rc4 70. Rd7 Rc8 71. Nf5 Rg8 72. Rb7 Rg7 73. Rxg7# 1-0